| Tag |
First Indicator |
Second Indicator |
Subfields |
| LEADER |
00000cam a2200000 a 4500 |
| 001 |
in00000975351 |
| 005 |
20150927114605.0 |
| 008 |
900705s1990 ie 00000 eng d |
| 020 |
|
|
|a 0716524600
|
| 020 |
|
|
|z 0716524594 (set)
|
| 035 |
|
|
|a (OCoLC)21961748
|
| 035 |
|
|
|9 AEW9168AM
|
| 040 |
|
|
|a EIS
|c EIS
|d TXA
|d UtOrBLW
|
| 043 |
|
|
|a e-ie---
|
| 049 |
|
|
|a TXAM
|
| 090 |
|
|
|a DA995.D75
|b M42 1990
|
| 092 |
|
|
|a 941.835
|f CLA
|
| 245 |
0 |
0 |
|a Medieval Dublin :
|b the living city /
|c Howard Clarke.
|
| 264 |
|
1 |
|a Dublin :
|b Irish Academic Press,
|c [1990]
|
| 264 |
|
4 |
|c ©1990
|
| 300 |
|
|
|a 241 pages ;
|c 25 cm.
|
| 336 |
|
|
|a text
|b txt
|2 rdacontent
|
| 337 |
|
|
|a unmediated
|b n
|2 rdamedia
|
| 338 |
|
|
|a volume
|b nc
|2 rdacarrier
|
| 504 |
|
|
|a Includes bibliographical references and index.
|
| 500 |
|
|
|a Companion volume to: Medieval Dublin : the making of a metropolis / Howard Clarke, editor.
|
| 651 |
|
0 |
|a Dublin (Ireland)
|x History.
|
| 651 |
|
0 |
|a Ireland
|x History
|y To 1603.
|
| 700 |
1 |
|
|a Clarke, Howard B.
|
| 999 |
|
|
|a MARS
|
| 999 |
f |
f |
|s b8a27cf6-5e84-3c00-a927-dffc0abf20a3
|i d88ce151-321e-3427-8cec-629558cbcb2d
|t 0
|
| 952 |
f |
f |
|p ric
|a Texas A&M University
|b Rellis Campus
|c Joint Library Facility
|d Remote Storage
|t 0
|e DA995.D75 M42 1990
|h Library of Congress classification
|i unmediated -- volume
|m A14815357320
|
| 998 |
f |
f |
|a DA995.D75 M42 1990
|t 0
|l Remote Storage
|